Torschützenkönige in der Geschichte von Olympique Lyon - Statistiken

Allgemein
  • Dieses Quiz wurde 13 mal gespielt
  • Das Durchschnittsergebnis liegt bei 3 aus 10
Antwortstatistiken
Tore Nationalität Spieler % Korrekt
100 Brasilein Juninho Pernambucano
77%
173 Frankreich Alexandre Lacazette
69%
82 Argentinien Lisandro López
46%
77 Frankreich Sidney Govou
23%
95 Frankreich Bafétimbi Gomis
15%
94 Brasilien Sonny Anderson
15%
149 Frankreich Bernard Lacombe
8%
222 Frankreich Fleury Di Nallo
8%
94 Argentinien / Frankreich Nestor Combin
8%
135 Frankreich Serge Chiesa
8%
Keine übereinstimmenden Quizze gefunden
Verteilung der Resultate
Anzahl Personen mit jedem Resultat
Perzentil nach korrekt beantworteten Fragen
Ihre Resultats-Entwicklung
Sie haben dieses Quiz noch nicht gespielt